000
00223nam a2200097Ia 4500
008
240331s9999 xx 000 0 und d
082
_b
JEY
100
_a
Jeyarasa, S
245
0
_a
Pinnaveenathuvathai vilangikkollal
942
_c
L
999
_c
3678
_d
3678